[Event "DEN-chT 0809"]
[Site "Denmark"]
[Date "2009.03.22"]
[Round "9.2"]
[White "Mortensen, Erling"]
[Black "Matthiesen, Martin"]
[Result "1/2-1/2"]
[WhiteElo "2455"]
[BlackElo "2298"]
[PlyCount "85"]
[EventDate "2008.11.01"]
[EventType "team-tourn"]
[EventRounds "9"]
[EventCountry "DEN"]
[SourceTitle "EXT 2023"]
[Source "ChessBase"]
[SourceDate "2022.10.05"]
[SourceVersion "1"]
[SourceVersionDate "2022.10.05"]
[SourceQuality "1"]
[WhiteTeam "Helsingor"]
[BlackTeam "Copenhagen 68"]
[WhiteTeamCountry "DEN"]
[BlackTeamCountry "DEN"]

1. e4 c5 2. Nf3 d6 3. d4 cxd4 4. Nxd4 Nf6 5. Nc3 a6 6. Be3 e5 7. Nb3 Be6 8. Qd2 Nbd7 9. f4 Rc8 10. f5 Bxb3 11. axb3 d5 12. exd5 Bb4 13. Qd3 Nc5 14. Qc4 Qd6 15. 0-0-0 0-0 16. Kb1 Bxc3 17. Qxc3 Rfd8 18. Qe1 Qc7 19. Bg5 Nce4 20. Bd3 Nxg5 21. h4 Nh3 22. Rxh3 Rxd5 23. Bc4 Rc5 24. c3 e4 25. g4 Nxg4 26. Rg3 h5 27. Be2 Qf4 28. Bxg4 hxg4 29. Qg1 Qxf5 30. Rf1 Qe6 31. Rxg4 g6 32. b4 Rh5 33. Re1 Re8 34. Rexe4 Qxe4+ 35. Rxe4 Rxe4 36. Qb6 Rhxh4 37. Qxb7 Re2 38. Qxa6 Rhh2 39. Qa3 Rxb2+ 40. Qxb2 Rxb2+ 41. Kxb2 Kf8 42. b5 Ke7 43. Kc2 1/2-1/2

[Event "DEN-chT 0809"]
[Site "Denmark"]
[Date "2009.03.21"]
[Round "8.2"]
[White "Pedersen, Christian Kyndel"]
[Black "Mortensen, Erling"]
[Result "1-0"]
[WhiteElo "2426"]
[BlackElo "2455"]
[PlyCount "63"]
[EventDate "2008.11.01"]
[EventType "team-tourn"]
[EventRounds "9"]
[EventCountry "DEN"]
[SourceTitle "EXT 2023"]
[Source "ChessBase"]
[SourceDate "2022.10.05"]
[SourceVersion "1"]
[SourceVersionDate "2022.10.05"]
[SourceQuality "1"]
[WhiteTeam "Jetsmark"]
[BlackTeam "Helsingor"]
[WhiteTeamCountry "DEN"]
[BlackTeamCountry "DEN"]

1. e4 c5 2. Nf3 e6 3. d4 cxd4 4. Nxd4 a6 5. Bd3 Ne7 6. 0-0 Nbc6 7. Nxc6 Nxc6 8. f4 Bc5+ 9. Kh1 d5 10. exd5 Qxd5 11. Nc3 Qd8 12. Qf3 g6 13. Be3 Bxe3 14. Qxe3 Qd4 15. Qf3 0-0 16. Be4 Qb6 17. Na4 Qc7 18. Bxc6 bxc6 19. Qc3 Rb8 20. Nc5 f6 21. Rae1 Qe7 22. a4 Rd8 23. a5 Rd5 24. b4 e5 25. fxe5 fxe5 26. Nd3 Bf5 27. Nxe5 Qg5 28. Nxc6 Rd2 29. Ne7+ Kf7 30. Qc4+ Kg7 31. Nxf5+ gxf5 32. Qc7+ 1-0

[Event "DEN-chT 0809"]
[Site "Denmark"]
[Date "2009.01.25"]
[Round "6.2"]
[White "Mortensen, Erling"]
[Black "Olsen, Nils Linde"]
[Result "1-0"]
[WhiteElo "2455"]
[BlackElo "2256"]
[PlyCount "79"]
[EventDate "2008.11.01"]
[EventType "team-tourn"]
[EventRounds "9"]
[EventCountry "DEN"]
[SourceTitle "EXT 2023"]
[Source "ChessBase"]
[SourceDate "2022.10.05"]
[SourceVersion "1"]
[SourceVersionDate "2022.10.05"]
[SourceQuality "1"]
[WhiteTeam "Helsingor"]
[BlackTeam "Nastved"]
[WhiteTeamCountry "DEN"]
[BlackTeamCountry "DEN"]

1. e4 c5 2. Nf3 Nc6 3. Bb5 g6 4. c3 Nf6 5. e5 Nd5 6. 0-0 Bg7 7. d4 cxd4 8. cxd4 0-0 9. Nc3 Nc7 10. Re1 Nxb5 11. Nxb5 a6 12. Nc3 d6 13. exd6 Qxd6 14. d5 Ne5 15. Bf4 Nxf3+ 16. Qxf3 Qb4 17. Be5 Bf5 18. Bxg7 Kxg7 19. Re3 Rac8 20. Qe2 Rc7 21. h3 h5 22. Rd1 Rd8 23. a3 Qd6 24. Rd4 b5 25. Rh4 Rdc8 26. Qf3 Qf6 27. Qg3 Kf8 28. Rf4 Rc4 29. Rxc4 Rxc4 30. Qb8+ Rc8 31. Qa7 h4 32. Re1 Rc4 33. Qe3 b4 34. axb4 Rxb4 35. Re2 g5 36. Rd2 g4 37. d6 exd6 38. Nd5 Qg7 39. Qe7+ Kg8 40. Nf6+ 1-0

[Event "DEN-chT 0809"]
[Site "Denmark"]
[Date "2009.01.10"]
[Round "4.2"]
[White "Mortensen, Erling"]
[Black "Bromann, Thorbjorn"]
[Result "1-0"]
[WhiteElo "2455"]
[BlackElo "2421"]
[PlyCount "99"]
[EventDate "2008.11.01"]
[EventType "team-tourn"]
[EventRounds "9"]
[EventCountry "DEN"]
[SourceTitle "EXT 2023"]
[Source "ChessBase"]
[SourceDate "2022.10.05"]
[SourceVersion "1"]
[SourceVersionDate "2022.10.05"]
[SourceQuality "1"]
[WhiteTeam "Helsingor"]
[BlackTeam "Bronshoj"]
[WhiteTeamCountry "DEN"]
[BlackTeamCountry "DEN"]

1. e4 e6 2. d3 d5 3. Qe2 dxe4 4. dxe4 e5 5. Nf3 Nc6 6. c3 Nf6 7. Qc2 Bg4 8. Nbd2 Qd7 9. Be2 a5 10. Nc4 Bxf3 11. Bxf3 Bc5 12. 0-0 h6 13. Rd1 Qe6 14. Ne3 Ne7 15. Qb3 Qxb3 16. axb3 0-0 17. Nc4 Nc6 18. h4 b6 19. g4 Rfd8 20. Re1 Nh7 21. Ne3 Ne7 22. Nf5 Ng6 23. Kg2 Nhf8 24. h5 Nf4+ 25. Bxf4 exf4 26. e5 Rab8 27. b4 axb4 28. cxb4 Bxb4 29. Re4 Bc5 30. b4 g6 31. bxc5 gxf5 32. gxf5 bxc5 33. e6 Nh7 34. e7 Re8 35. Ree1 Rb6 36. Ra8 Nf6 37. Rxe8+ Nxe8 38. Ra1 Rb8 39. Rd1 Nd6 40. f6 c4 41. Bc6 c3 42. Rc1 Rb3 43. e8Q+ Nxe8 44. Bxe8 Rb6 45. Rxc3 Rxf6 46. Rxc7 Rf5 47. Kf3 Kf8 48. Ke4 Rxh5 49. Bxf7 Rg5 50. Bc4 1-0

[Event "DEN-chT 0809"]
[Site "Denmark"]
[Date "2008.12.07"]
[Round "3.2"]
[White "Mortensen, Erling"]
[Black "Jakobsen, Peter"]
[Result "1-0"]
[WhiteElo "2455"]
[BlackElo "2219"]
[PlyCount "83"]
[EventDate "2008.11.01"]
[EventType "team-tourn"]
[EventRounds "9"]
[EventCountry "DEN"]
[SourceTitle "EXT 2023"]
[Source "ChessBase"]
[SourceDate "2022.10.05"]
[SourceVersion "1"]
[SourceVersionDate "2022.10.05"]
[SourceQuality "1"]
[WhiteTeam "Helsingor"]
[BlackTeam "Nordkalotten"]
[WhiteTeamCountry "DEN"]
[BlackTeamCountry "DEN"]

1. e4 e5 2. Nf3 Nc6 3. Bb5 a6 4. Ba4 Nf6 5. d3 d6 6. c3 g6 7. Nbd2 Bg7 8. Nf1 0-0 9. Bg5 h6 10. Bh4 b5 11. Bb3 Bb7 12. Ne3 Nb8 13. Bxf6 Qxf6 14. h4 Nc6 15. h5 g5 16. Nh2 Qd8 17. Bd5 Rb8 18. Nhg4 Ne7 19. Bxb7 Rxb7 20. Qf3 Qc8 21. Nf5 Nxf5 22. exf5 f6 23. 0-0 c6 24. b3 Rd8 25. c4 bxc4 26. bxc4 Qc7 27. Rfe1 Rb2 28. d4 Rd2 29. Rad1 Qa5 30. Qxc6 Rxd4 31. Ne3 Kh7 32. a4 Rb8 33. Rb1 Rb2 34. Rf1 Rdd2 35. Rxb2 Rxb2 36. Qxd6 Qxa4 37. Nd5 Qxc4 38. Nxf6+ Bxf6 39. Qxf6 Qg8 40. Rc1 Rb7 41. Qxe5 Qf7 42. f6 1-0

[Event "DEN-chT 0708"]
[Site "Denmark"]
[Date "2008.03.02"]
[Round "7.2"]
[White "Wiwe, Andreas"]
[Black "Mortensen, Erling"]
[Result "1-0"]
[WhiteElo "2169"]
[BlackElo "2456"]
[PlyCount "93"]
[EventDate "2007.11.10"]
[EventType "team-tourn"]
[EventRounds "9"]
[EventCountry "DEN"]
[SourceTitle "EXT 2023"]
[Source "ChessBase"]
[SourceDate "2022.10.05"]
[SourceVersion "1"]
[SourceVersionDate "2022.10.05"]
[SourceQuality "1"]
[WhiteTeam "Nordre"]
[BlackTeam "Helsingor"]
[WhiteTeamCountry "DEN"]
[BlackTeamCountry "DEN"]

1. e4 c5 2. Nf3 e6 3. d4 cxd4 4. Nxd4 a6 5. Bd3 Bc5 6. Nb3 Be7 7. Qg4 g6 8. Qe2 d6 9. 0-0 Nd7 10. a4 b6 11. Na3 Bb7 12. Nc4 h5 13. Be3 Ngf6 14. a5 b5 15. Nb6 Nxb6 16. Bxb6 Qb8 17. Nd2 Bc6 18. Rfe1 h4 19. c4 bxc4 20. Bxc4 Qb7 21. Rac1 d5 22. Bxa6 Rxa6 23. Rxc6 Qxc6 24. Qxa6 Bb4 25. Qd3 0-0 26. Qd4 Bxd2 27. Qxd2 Nxe4 28. Qd3 Nd6 29. b4 Nc4 30. Bc5 Re8 31. Ra1 Ra8 32. Be7 e5 33. Bxh4 Qd6 34. Qc3 Qc6 35. Qf3 f5 36. Rd1 Rb8 37. Be7 Kf7 38. Bc5 Ke6 39. a6 e4 40. Qg3 Rg8 41. a7 Qa4 42. Rc1 Ne5 43. h4 Rc8 44. Qc3 Qc6 45. Ra1 Ra8 46. Ra5 Nc4 47. Qg7 1-0

[Event "DEN-chT 0708"]
[Site "Denmark"]
[Date "2008.01.13"]
[Round "5.2"]
[White "Mortensen, Erling"]
[Black "Sorensen, Jan"]
[Result "1/2-1/2"]
[WhiteElo "2456"]
[BlackElo "2423"]
[PlyCount "69"]
[EventDate "2007.11.10"]
[EventType "team-tourn"]
[EventRounds "9"]
[EventCountry "DEN"]
[SourceTitle "EXT 2023"]
[Source "ChessBase"]
[SourceDate "2022.10.05"]
[SourceVersion "1"]
[SourceVersionDate "2022.10.05"]
[SourceQuality "1"]
[WhiteTeam "Helsingor"]
[BlackTeam "Aarhus/Skolerne"]
[WhiteTeamCountry "DEN"]
[BlackTeamCountry "DEN"]

1. e4 e6 2. Nf3 d5 3. e5 c5 4. b4 cxb4 5. a3 Qa5 6. Bb2 Nc6 7. Bd3 Qb6 8. 0-0 Bd7 9. axb4 Nxb4 10. Be2 Rc8 11. Bd4 Bc5 12. Bxc5 Qxc5 13. c3 Nc6 14. d4 Qb6 15. Na3 Na5 16. Rb1 Qc7 17. Nb5 Bxb5 18. Bxb5+ Kf8 19. Qa4 Ne7 20. Bd7 Ra8 21. Bxe6 fxe6 22. Ng5 Kg8 23. Nxe6 Qc6 24. Qxa5 b6 25. Nd8 Qc8 26. Qa2 Qxd8 27. f4 Qd7 28. Rxb6 axb6 29. Qxa8+ Qc8 30. Qa7 Kf7 31. f5 Qb8 32. Qd7 Qc8 33. Qa7 Qb8 34. Qd7 Qc8 35. Qa7 1/2-1/2

[Event "BL2-Nord 0708"]
[Site "Germany"]
[Date "2007.12.09"]
[Round "4.1"]
[White "Mortensen, Erling"]
[Black "Pedersen, Steffen"]
[Result "1-0"]
[WhiteElo "2451"]
[BlackElo "2441"]
[PlyCount "89"]
[EventDate "2007.10.21"]
[EventType "team-tourn"]
[EventRounds "9"]
[EventCountry "GER"]
[SourceTitle "EXT 2009"]
[Source "ChessBase"]
[SourceDate "2008.11.26"]
[SourceVersion "1"]
[SourceVersionDate "2008.11.26"]
[SourceQuality "1"]
[WhiteTeam "Luebeck"]
[BlackTeam "Preetz"]
[WhiteTeamCountry "GER"]
[BlackTeamCountry "GER"]

1. e4 c6 2. d4 d5 3. e5 Bf5 4. Nd2 e6 5. Nb3 Nd7 6. Nf3 Qc7 7. Be2 c5 8. dxc5 Bxc5 9. Nxc5 Qxc5 10. Nd4 Ne7 11. f4 Be4 12. Be3 Qa5+ 13. c3 Bxg2 14. Rg1 Be4 15. Qb3 0-0 16. Qxb7 Qd8 17. 0-0-0 Rc8 18. Bf2 Qa5 19. Rg3 Rc7 20. Qa6 Qxa6 21. Bxa6 Nb8 22. Be2 Nbc6 23. Nb5 Rd7 24. Nd6 Bg6 25. h4 Nf5 26. Nxf5 Bxf5 27. Bc5 Rc8 28. Bb5 d4 29. Bxc6 Rxc6 30. Rxd4 Rxd4 31. Bxd4 h6 32. b3 a6 33. Kb2 Rc8 34. c4 Kh7 35. Kc3 Bb1 36. Rg2 Be4 37. Rg1 Rd8 38. b4 Rc8 39. a4 Bc6 40. Bc5 Bf3 41. Kd4 Rd8+ 42. Bd6 f6 43. Ke3 Bh5 44. b5 axb5 45. cxb5 1-0

[Event "DEN-chT 0708"]
[Site "Denmark"]
[Date "2007.11.10"]
[Round "1.2"]
[White "Mortensen, Erling"]
[Black "Pilgaard, Kim"]
[Result "1-0"]
[WhiteElo "2456"]
[BlackElo "2453"]
[PlyCount "75"]
[EventDate "2007.11.10"]
[EventType "team-tourn"]
[EventRounds "9"]
[EventCountry "DEN"]
[SourceTitle "EXT 2023"]
[Source "ChessBase"]
[SourceDate "2022.10.05"]
[SourceVersion "1"]
[SourceVersionDate "2022.10.05"]
[SourceQuality "1"]
[WhiteTeam "Helsingor"]
[BlackTeam "Bronshoj"]
[WhiteTeamCountry "DEN"]
[BlackTeamCountry "DEN"]

1. c4 Nf6 2. Nc3 c5 3. Nf3 Nc6 4. e3 d5 5. d4 cxd4 6. exd4 Bg4 7. cxd5 Nxd5 8. Bb5 Rc8 9. h3 Bxf3 10. Qxf3 Nxc3 11. bxc3 Qa5 12. Rb1 a6 13. Bxc6+ bxc6 14. Bf4 Qxa2 15. 0-0 Qd5 16. Qe2 Ra8 17. Rfe1 e6 18. c4 Qxd4 19. Be5 Qd7 20. Red1 Qc8 21. Qh5 a5 22. Rb2 h6 23. Rdb1 Bb4 24. Bxg7 Rh7 25. Bf6 Qa6 26. Qg4 Kf8 27. Rb3 h5 28. Qf4 h4 29. Rd3 Rc8 30. Rbd1 Be7 31. Bxe7+ Kxe7 32. Rd7+ Kf8 33. Qf6 Re8 34. Rd8 Qb6 35. R1d7 Qb1+ 36. Kh2 Qb8+ 37. Rxb8 Rxb8 38. Ra7 1-0

[Event "Champions Challenge 177th"]
[Site "Playchess.com INT"]
[Date "2006.12.16"]
[Round "2.2"]
[White "Mortensen, Erling"]
[Black "Postny, Evgeny"]
[Result "0-1"]
[WhiteElo "2470"]
[BlackElo "2609"]
[PlyCount "90"]
[EventDate "2006.12.16"]
[EventType "k.o. (blitz)"]
[EventRounds "5"]
[EventCountry "GER"]
[SourceTitle "EXT 2008"]
[Source "ChessBase"]
[SourceDate "2007.11.25"]
[SourceVersion "1"]
[SourceVersionDate "2007.11.25"]
[SourceQuality "1"]

1. e4 c5 2. Nf3 d6 3. d4 cxd4 4. Nxd4 Nc6 5. Nc3 g6 6. Be3 Bg7 7. Bc4 Bd7 8. Bb3 Rc8 9. Qd2 Na5 10. 0-0-0 Nc4 11. Bxc4 Rxc4 12. f3 Qa5 13. Nb3 Qa6 14. Bd4 Nf6 15. Kb1 0-0 16. g4 Rfc8 17. h4 b5 18. a3 b4 19. axb4 Rxb4 20. Bxf6 Bxf6 21. Nd5 Be6 22. Qxb4 Bxd5 23. Rxd5 Qe2 24. Nd4 Bxd4 25. Qxd4 Qxc2+ 26. Ka1 Rc4 27. Qxa7 Ra4+ 28. Qxa4 Qxa4+ 29. Kb1 Qb3 30. Rf1 Kg7 31. Rd2 h5 32. gxh5 gxh5 33. Rg1+ Kf6 34. f4 Qe3 35. e5+ dxe5 36. fxe5+ Ke6 37. Rgd1 Qe4+ 38. Kc1 Qc4+ 39. Rc2 Qxh4 40. b3 Qf4+ 41. Kb2 Qxe5+ 42. Ka3 f5 43. b4 h4 44. Rd3 Qe4 45. Rc5 Qxd3+ 0-1

[Event "Champions Challenge 177th"]
[Site "Playchess.com INT"]
[Date "2006.12.16"]
[Round "2.1"]
[White "Postny, Evgeny"]
[Black "Mortensen, Erling"]
[Result "1/2-1/2"]
[WhiteElo "2609"]
[BlackElo "2470"]
[PlyCount "100"]
[EventDate "2006.12.16"]
[EventType "k.o. (blitz)"]
[EventRounds "5"]
[EventCountry "GER"]
[SourceTitle "EXT 2008"]
[Source "ChessBase"]
[SourceDate "2007.11.25"]
[SourceVersion "1"]
[SourceVersionDate "2007.11.25"]
[SourceQuality "1"]

1. Nf3 g6 2. c4 Bg7 3. g3 d6 4. Bg2 e5 5. 0-0 Nh6 6. d3 0-0 7. Nc3 c6 8. Bg5 f6 9. Be3 f5 10. Qc1 Nf7 11. Ng5 Nxg5 12. Bxg5 Qe8 13. h4 Nd7 14. Bh6 Nf6 15. Bxg7 Kxg7 16. e3 Be6 17. b3 Qe7 18. Qb2 h6 19. Rae1 g5 20. hxg5 hxg5 21. d4 e4 22. d5 cxd5 23. cxd5 Bd7 24. f3 exf3 25. Rxf3 Qe5 26. Ref1 Rac8 27. Nd1 Qxb2 28. Nxb2 Rc2 29. Nc4 Ne4 30. g4 b5 31. Na5 Nd2 32. R3f2 Nxf1 33. Rxc2 Nxe3 34. Rc7 Rf7 35. gxf5 a6 36. Ra7 Bxf5 37. Rxa6 Rd7 38. Bh1 Kf6 39. Nc6 g4 40. a4 g3 41. axb5 g2 42. Bxg2 Rg7 43. Ra2 Nxd5 44. Rf2 Ne3 45. Nd4 Ke5 46. Nxf5 Nxf5 47. b6 d5 48. Re2+ Kd6 49. Kf2 Rb7 50. Rd2 Ne7 1/2-1/2

[Event "DEN-chT 0607"]
[Site "Denmark"]
[Date "2006.11.26"]
[Round "3.2"]
[White "Brynell, Stellan"]
[Black "Mortensen, Erling"]
[Result "1-0"]
[WhiteElo "2497"]
[BlackElo "2477"]
[PlyCount "161"]
[EventDate "2006.11.04"]
[EventType "team-tourn"]
[EventRounds "9"]
[EventCountry "DEN"]
[SourceTitle "EXT 2023"]
[Source "ChessBase"]
[SourceDate "2022.10.05"]
[SourceVersion "1"]
[SourceVersionDate "2022.10.05"]
[SourceQuality "1"]
[WhiteTeam "Nordkalotten"]
[BlackTeam "Helsingor"]
[WhiteTeamCountry "DEN"]
[BlackTeamCountry "DEN"]

1. d4 Nf6 2. c4 c5 3. d5 b5 4. Nf3 g6 5. Nfd2 Bg7 6. e4 0-0 7. cxb5 d6 8. Nc3 a6 9. bxa6 Nbd7 10. Be2 Bxa6 11. 0-0 Qa5 12. Nc4 Bxc4 13. Bxc4 Rfb8 14. Re1 Rb4 15. Bf1 Nb6 16. a3 Rd4 17. Qc2 Na4 18. Be3 Nxc3 19. Bxd4 cxd4 20. bxc3 dxc3 21. a4 Nd7 22. Bb5 Nc5 23. Reb1 Rb8 24. g3 Bf6 25. Kg2 h5 26. Ra2 h4 27. Qe2 Kg7 28. Qc4 Rh8 29. Re2 Qc7 30. Bc6 Qc8 31. Rc1 hxg3 32. fxg3 Qh3+ 33. Kg1 Qg4 34. Bb5 Be5 35. Rxc3 Bxc3 36. Qxc3+ f6 37. Qe3 Ra8 38. Kg2 Qc8 39. Qd4 Qg4 40. Qe3 Qc8 41. Ra2 Qc7 42. h4 Qa5 43. e5 Ra7 44. exd6 exd6 45. Qf4 Qd8 46. Re2 f5 47. Qd4+ Qf6 48. Qxf6+ Kxf6 49. Kf3 g5 50. hxg5+ Kxg5 51. Ra2 Ra5 52. Ra3 Ne4 53. Bc6 Nf6 54. Ra1 Ne4 55. Ra2 Nf6 56. Ra3 Ne4 57. Bb5 Nf6 58. Rd3 Ne4 59. Rd4 Nc5 60. Ke3 Ra7 61. Rh4 Ne4 62. Rxe4 fxe4 63. Kxe4 Kg4 64. Kd4 Kxg3 65. Kc4 Kf4 66. Bc6 Ke5 67. Kb5 Rh7 68. a5 Rh1 69. a6 Rb1+ 70. Ka5 Ra1+ 71. Ba4 Kxd5 72. a7 Kd4 73. a8Q d5 74. Qe8 Kd3 75. Kb4 Kd2 76. Qe5 Rb1+ 77. Bb3 Re1 78. Qxd5+ Ke3 79. Kc3 Kf4 80. Qd2+ Re3+ 81. Kd4 1-0

[Event "Champions Challenge 173rd"]
[Site "Playchess.com INT"]
[Date "2006.11.18"]
[Round "1.3"]
[White "Mortensen, Erling"]
[Black "Pietocha, Pawel"]
[Result "1-0"]
[WhiteElo "2470"]
[BlackElo "2022"]
[PlyCount "147"]
[EventDate "2006.11.18"]
[EventType "k.o. (blitz)"]
[EventRounds "5"]
[EventCountry "GER"]
[SourceTitle "EXT 2008"]
[Source "ChessBase"]
[SourceDate "2007.11.25"]
[SourceVersion "1"]
[SourceVersionDate "2007.11.25"]
[SourceQuality "1"]

1. e4 e6 2. Nf3 d5 3. e5 c5 4. b4 cxb4 5. a3 bxa3 6. d4 Bd7 7. Bd3 Nc6 8. c3 Be7 9. 0-0 a6 10. Nxa3 f6 11. Re1 Qb8 12. c4 dxc4 13. Nxc4 b5 14. Ne3 fxe5 15. dxe5 Nxe5 16. Be4 Ra7 17. Bb2 Nxf3+ 18. Qxf3 Nf6 19. Bd4 0-0 20. Bxa7 Qxa7 21. Bd3 Bc5 22. Re2 Qb6 23. Rd1 Bc6 24. Qh3 e5 25. Ng4 e4 26. Nxf6+ Rxf6 27. Bxe4 Bxf2+ 28. Kh1 Bxe4 29. Rxe4 Bc5 30. Re8+ Bf8 31. Qc8 Qf2 32. h3 a5 33. Qb8 b4 34. Kh2 Qf4+ 35. Qxf4 Rxf4 36. Ra8 Rf5 37. g4 Rf7 38. Rd5 Rb7 39. Rf5 Rf7 40. Rxf7 Kxf7 41. Rxa5 Be7 42. Kg3 Ke6 43. Ra6+ Kd5 44. Kf4 h6 45. Ra7 Bf6 46. Rb7 Kc4 47. Ke4 b3 48. Rc7+ Kb4 49. Kd3 Ka3 50. Rb7 Kb2 51. Rb5 Ka2 52. Rb7 b2 53. Kc2 Ka3 54. Kb1 Ka4 55. Rb8 Ka5 56. Rb3 Ka6 57. Rd3 Ka5 58. Rd7 Kb5 59. h4 Kc5 60. h5 Kc4 61. Rc7+ Kd5 62. Rb7 Ke4 63. Rb4+ Kf3 64. Kc2 Kg3 65. Kb1 Kh4 66. Rc4 Kg5 67. Rb4 Kh4 68. Rc4 Kh3 69. Rd4 Kh2 70. Rd3 Kh1 71. Rd2 Kg1 72. Rc2 Kf1 73. Rd2 Ke1 74. Rc2 1-0

[Event "Champions Challenge 173rd"]
[Site "Playchess.com INT"]
[Date "2006.11.18"]
[Round "4.2"]
[White "Sulashvili, Malkhaz"]
[Black "Mortensen, Erling"]
[Result "1-0"]
[WhiteElo "2431"]
[BlackElo "2470"]
[PlyCount "79"]
[EventDate "2006.11.18"]
[EventType "k.o. (blitz)"]
[EventRounds "5"]
[EventCountry "GER"]
[SourceTitle "EXT 2008"]
[Source "ChessBase"]
[SourceDate "2007.11.25"]
[SourceVersion "1"]
[SourceVersionDate "2007.11.25"]
[SourceQuality "1"]

1. Nf3 g6 2. c4 Bg7 3. d4 d6 4. Nc3 Nd7 5. e4 e5 6. Be2 Nh6 7. 0-0 0-0 8. h3 c6 9. Be3 f5 10. dxe5 dxe5 11. Bxh6 Bxh6 12. Qd6 Re8 13. Rad1 Bf8 14. Qd2 f4 15. c5 Bxc5 16. Bc4+ Kh8 17. b4 Bxb4 18. Qb2 Bf8 19. Ne2 Qf6 20. a4 Nc5 21. Ba2 Nxe4 22. Nc1 Ng5 23. Nxg5 Qxg5 24. Nd3 Bxh3 25. f3 Rad8 26. Nxe5 Bc5+ 27. Kh1 Rxe5 28. Rxd8+ Kg7 29. gxh3 Kh6 30. Rd2 Qg3 31. Rh2 Re1 32. Qg2 Qh4 33. Bc4 a6 34. Qg4 Rxf1+ 35. Bxf1 Qe1 36. Qxf4+ Kg7 37. Qc4 Qe3 38. Rg2 Qxf3 39. Qxc5 Qxh3+ 40. Kg1 1-0

[Event "DEN-chT 0506"]
[Site "Denmark"]
[Date "2006.03.19"]
[Round "9.2"]
[White "Sorensen, Jan"]
[Black "Mortensen, Erling"]
[Result "0-1"]
[WhiteElo "2416"]
[BlackElo "2474"]
[PlyCount "150"]
[EventDate "2005.11.05"]
[EventType "team-tourn"]
[EventRounds "9"]
[EventCountry "DEN"]
[SourceTitle "EXT 2023"]
[Source "ChessBase"]
[SourceDate "2022.10.05"]
[SourceVersion "1"]
[SourceVersionDate "2022.10.05"]
[SourceQuality "1"]
[WhiteTeam "Skolerne"]
[BlackTeam "Helsingor"]
[WhiteTeamCountry "DEN"]
[BlackTeamCountry "DEN"]

1. e4 c5 2. Nf3 e6 3. d4 cxd4 4. Nxd4 a6 5. Be2 b5 6. f4 Bb7 7. Bf3 Nc6 8. Nb3 d6 9. a4 b4 10. a5 Nf6 11. 0-0 Be7 12. Be3 0-0 13. c4 Nd7 14. N1d2 Kh8 15. Nd4 Nxd4 16. Bxd4 e5 17. Be3 exf4 18. Bxf4 Nc5 19. Qc2 Bg5 20. Bg3 Qe7 21. Rae1 Bf6 22. e5 Bxe5 23. Bxb7 Nxb7 24. Qa4 Qc7 25. Qxb4 Bxg3 26. hxg3 Nxa5 27. Rf5 Nc6 28. Qc3 Ne5 29. c5 f6 30. Ne4 dxc5 31. Qxc5 Qb7 32. Nd6 Qxb2 33. Qd5 Qb6+ 34. Kh2 Rad8 35. Rexe5 Rxd6 36. Qf7 Qd8 37. Qe7 h6 38. Re4 Qxe7 39. Rxe7 Ra8 40. Rc5 a5 41. Rcc7 Rg8 42. Ra7 Rd5 43. Re4 Rc8 44. Rg4 Rc1 45. Ra4 Rh5+ 46. Rh4 Rxh4+ 47. gxh4 Rc5 48. Kg3 Kh7 49. Kg4 h5+ 50. Kh3 Kh6 51. Ra6 Rf5 52. g3 g5 53. hxg5+ Kxg5 54. Ra8 Rd5 55. Rg8+ Kf5 56. Kh4 Ke4 57. Rf8 Rf5 58. Rd8 Ke3 59. Rd6 Ke4 60. Rd8 Rd5 61. Rf8 Kd3 62. Rxf6 Kc3 63. Ra6 Kb4 64. Rb6+ Rb5 65. Rf6 a4 66. Rf4+ Ka5 67. Rf3 Rc5 68. Rf8 a3 69. Ra8+ Kb4 70. Rb8+ Rb5 71. Ra8 Kb3 72. Rf8 a2 73. Rf3+ Ka4 74. Rf1 Rb1 75. Rf4+ Rb4 0-1

[Event "DEN-chT 0506"]
[Site "Denmark"]
[Date "2006.03.05"]
[Round "7.2"]
[White "Kristensen, Kaare Hove"]
[Black "Mortensen, Erling"]
[Result "1/2-1/2"]
[WhiteElo "2314"]
[BlackElo "2474"]
[PlyCount "140"]
[EventDate "2005.11.05"]
[EventType "team-tourn"]
[EventRounds "9"]
[EventCountry "DEN"]
[SourceTitle "EXT 2023"]
[Source "ChessBase"]
[SourceDate "2022.10.05"]
[SourceVersion "1"]
[SourceVersionDate "2022.10.05"]
[SourceQuality "1"]
[WhiteTeam "Nordkalotten"]
[BlackTeam "Helsingor"]
[WhiteTeamCountry "DEN"]
[BlackTeamCountry "DEN"]

1. e4 c5 2. Nf3 e6 3. d4 cxd4 4. Nxd4 a6 5. c4 Nf6 6. Nc3 Qc7 7. Nc2 b6 8. Bd3 Bb7 9. 0-0 d6 10. Be3 Nbd7 11. Qe2 g6 12. Rac1 Bg7 13. Rfd1 0-0 14. f3 Ne5 15. Na3 Nfd7 16. Bb1 f5 17. exf5 gxf5 18. Qd2 Qc6 19. Qxd6 Nxf3+ 20. gxf3 Qxf3 21. Qg3 Qh1+ 22. Kf2 Qc6 23. Rg1 Rf7 24. Bh6 Nf6 25. Bxg7 Ng4+ 26. Ke2 Rxg7 27. h3 f4 28. Be4 fxg3 29. Bxc6 Bxc6 30. Rxg3 Nf6 31. Rcg1 Rxg3 32. Rxg3+ Kf7 33. Ke3 e5 34. Nc2 Rd8 35. Nb4 Bb7 36. Nd3 Nd7 37. Ne4 Bxe4 38. Kxe4 Ke6 39. Rg5 h6 40. Rg6+ Nf6+ 41. Ke3 Kf5 42. Rxh6 Kg5 43. Nxe5 Re8 44. Rh8 Rxe5+ 45. Kd3 a5 46. Rd8 Re1 47. Kd2 Re6 48. b3 Ne4+ 49. Kd3 Nc5+ 50. Kd4 Kf6 51. h4 Ke7 52. Rh8 Kd6 53. h5 Re4+ 54. Kc3 Re3+ 55. Kc2 Re2+ 56. Kb1 Rh2 57. h6 Kc6 58. h7 Kb7 59. Kc1 Nd7 60. a3 Nf6 61. b4 Rxh7 62. Rxh7+ Nxh7 63. Kc2 Nf6 64. Kc3 Kc6 65. Kd4 Kd6 66. Kc3 Ke5 67. Kb3 axb4 68. Kxb4 Kd6 69. Kb5 Nd7 70. a4 Nc5 1/2-1/2

[Event "BL2-Nord 0506"]
[Site "Germany"]
[Date "2006.02.19"]
[Round "7.2"]
[White "Gisbrecht, Ewgeni"]
[Black "Mortensen, Erling"]
[Result "1-0"]
[WhiteElo "2433"]
[BlackElo "2466"]
[PlyCount "99"]
[EventDate "2005.10.23"]
[EventType "team-tourn"]
[EventRounds "9"]
[EventCountry "GER"]
[SourceTitle "EXT 2007"]
[Source "ChessBase"]
[SourceDate "2006.11.23"]
[SourceVersion "1"]
[SourceVersionDate "2006.11.23"]
[SourceQuality "1"]
[WhiteTeam "Bremer SG"]
[BlackTeam "Luebeck"]
[WhiteTeamCountry "GER"]
[BlackTeamCountry "GER"]

1. Nf3 g6 2. d4 Bg7 3. c3 d6 4. Bg5 h6 5. Bh4 f5 6. e3 g5 7. Bg3 Nf6 8. Nbd2 Nh5 9. Bc4 e6 10. Ng1 Nxg3 11. hxg3 0-0 12. g4 d5 13. Bb3 c6 14. gxf5 exf5 15. Ne2 Nd7 16. c4 Nf6 17. Nc3 Be6 18. cxd5 cxd5 19. Rc1 a6 20. Nf3 Qd6 21. Ne5 Ng4 22. Nxg4 fxg4 23. 0-0 Kh8 24. Ne2 h5 25. Qc2 Bg8 26. Qc7 Qxc7 27. Rxc7 b5 28. Rd7 Rfd8 29. Rxd8 Rxd8 30. Rc1 a5 31. Rc5 a4 32. Bc2 Rb8 33. Nc3 b4 34. Nxa4 h4 35. Bf5 g3 36. Rc8 Rxc8 37. Bxc8 gxf2+ 38. Kxf2 Bf6 39. Nc5 Kg7 40. a4 bxa3 41. bxa3 Bd8 42. Be6 Ba5 43. Bxg8 Kxg8 44. Nb3 Bd8 45. Kf3 Kf7 46. Kg4 Ke8 47. Kf5 Kd7 48. Nc5+ Kc6 49. Ne6 Be7 50. a4 1-0